The ...stan countries by size - Statistics

General Stats
  • This quiz has been taken 32 times
  • The average score is 6 of 7
Answer Stats
Square kilometers/miles ...stan % Correct
447,400/172,700 Uzbekistan
100%
652,230/251,830 Afghanistan
96%
881,912/340,508 Pakistan
96%
488,100/188,500 Turkmenistan
96%
143,100/55,300 Tajikistan
92%
199,951/77,202 Kyrgyzstan
88%
2,724,900/1,052,100 Kazakhstan
69%
No matching quizzes found
Score Distribution
Percent of People with Each Score
Percentile by Number Answered
Your Score History
You have not taken this quiz